=LDR 00000nam 2200000 4500 =001 INLIS000000000057172 =005 20201207074702 =035 ##$$a 0010-1220000073 =007 ta =008 201207###########################0#ind## =020 ##$$a 978-602-03-2050-2 =082 ##$$a 899.221 3 =084 ##$$a 899.221 3 Tia s =245 1#$$a Sincerely yours /$c Tia Widiana =300 ##$$a 246 halaman ; $c 21 cm =650 #4$$a fiksi Indonesia =264 ##$$a jakarta :$b Gramedia pustaka utama,$c 2015 =336 ##$$a teks$2 rdacontent =337 ##$$a lain-lain$2 rdamedia =338 ##$$a lain-lain$2 rdacarrier =990 ##$$a 36223622